|
|
|
|
| LEADER |
00787nab a2200229 i 4500 |
| 001 |
misc64335 |
| 005 |
20230531162542.0 |
| 008 |
230412s1932 hu o 0|| ger d |
| 040 |
|
|
|a SZTE Miscellanea Repozitórium
|b hun
|
| 041 |
|
|
|a ger
|
| 041 |
|
|
|a tut
|
| 100 |
1 |
|
|a Räsänen Martti
|
| 245 |
1 |
0 |
|a Beiträge zur Frage der türkischen Vokalharmonie
|h [elektronikus dokumentum] /
|c Räsänen Martti
|
| 260 |
|
|
|c 1932
|
| 300 |
|
|
|a 10 p.
|c 25 cm
|
| 490 |
0 |
|
|a Suomalais-Ugrilaisen Seuran Aikakauskirja : Journal de la Société Finno-Ougrienne
|
| 561 |
|
|
|a Németh Gyula hagyaték
|
| 591 |
|
|
|a NOA 4765
|
| 650 |
|
4 |
|a Bölcsészettudományok
|
| 650 |
|
4 |
|a Nyelvek és irodalom
|
| 695 |
|
|
|a Török nyelv
|
| 856 |
4 |
0 |
|u http://misc.bibl.u-szeged.hu/64335/1/4765_noa.pdf
|z Dokumentum-elérés
|